[Event "TCh-ESP Div 1 2016"]
[Site "Linares ESP"]
[Date "2016.08.20"]
[Round "1"]
[Board "1"]
[White "Garcia Castro, Pablo"]
[Black "Granda Zuniga, Julio E"]
[Result "0-1"]
[WhiteTitle "IM"]
[BlackTitle "GM"]
[WhiteElo "2356"]
[BlackElo "2672"]
[WhiteTeam "UNIVERSIDAD DE VIGO"]
[BlackTeam "AJEDREZ COLLADO VILLALBA"]
[WhiteFideId "2209365"]
[BlackFideId "3800024"]
[EventDate "2016.08.20"]

1. g3 d5 2. Nf3 c6 3. Bg2 Bg4 4. O-O Nd7 5. d4 e6 6. Nbd2 f5 7. c4 Bd6 8. b3 Qf6
9. Bb2 Ne7 10. Ne1 f4 11. Ndf3 g5 12. Nd3 Ng6 13. Qd2 Qf5 14. cxd5 exd5 15. Nc5
O-O-O 16. Nxd7 Bxf3 17. Bxf3 Rxd7 18. Qd3 Qxd3 19. exd3 h5 20. Rae1 g4 21. Bd1
f3 22. Re6 Nf8 23. Re8+ Rd8 24. Rxd8+ Kxd8 25. Bc3 b5 26. a4 b4 27. Bd2 Ne6 28.
Be3 Be7 29. h3 Bf6 30. Kh2 Bxd4 31. Rh1 Bxe3 32. fxe3 Re8 33. hxg4 hxg4 34. Kg1
Nc5 35. Rh4 Rxe3 0-1

[Event "TCh-ESP Div 1 2016"]
[Site "Linares ESP"]
[Date "2016.08.20"]
[Round "1"]
[Board "2"]
[White "Vazquez Igarza, Renier"]
[Black "Guerra Bastida, Diego"]
[Result "1-0"]
[WhiteTitle "GM"]
[BlackTitle "IM"]
[WhiteElo "2589"]
[BlackElo "2322"]
[WhiteTeam "AJEDREZ COLLADO VILLALBA"]
[BlackTeam "UNIVERSIDAD DE VIGO"]
[WhiteFideId "3503054"]
[BlackFideId "2201089"]
[EventDate "2016.08.20"]

1. d4 Nf6 2. c4 g6 3. Nc3 d5 4. cxd5 Nxd5 5. e4 Nxc3 6. bxc3 Bg7 7. Nf3 c5 8.
Rb1 O-O 9. Be2 cxd4 10. cxd4 Qa5+ 11. Bd2 Qxa2 12. O-O Bg4 13. Bg5 h6 14. Be3
Nc6 15. d5 Na5 16. Re1 b6 17. Nd4 Bd7 18. Ra1 Qb2 19. Ba6 e5 20. dxe6 Bxe6 21.
Rb1 Qa2 22. Re2 Qa3 23. Nxe6 fxe6 24. Rd2 Rf7 25. h4 Raf8 26. Rd6 Qa2 27. Rd2
Qa3 28. Bb5 Kh7 29. h5 g5 30. Qg4 Qc3 31. Qxe6 Rxf2 32. Rxf2 Qxe3 33. Rf1 Nb3
34. e5 Nc5 35. Qh3 Qd4 36. e6 g4 37. Qg3 Nxe6 38. Kh1 Rxf2 39. Qxf2 Qxf2 40.
Rxf2 Nc5 41. Rf7 a6 42. Be2 g3 43. Rc7 a5 44. Rc6 a4 45. Rxb6 Bd4 46. Rd6 Be3
47. Bc4 Kg7 48. Rg6+ Kf8 49. Rxg3 Bc1 50. Rg6 a3 51. Rc6 Be3 52. Rc7 Ne4 53. g4
Nc3 54. Rc8+ Kg7 55. Ra8 Bc1 56. Kg2 Kf6 57. Kf3 Ke5 58. Bb3 Nb5 59. Ra5 1-0

[Event "TCh-ESP Div 1 2016"]
[Site "Linares ESP"]
[Date "2016.08.20"]
[Round "1"]
[Board "3"]
[White "Rodriguez Lopez, Rafael"]
[Black "Moreno Ruiz, Javier"]
[Result "1-0"]
[WhiteTitle "IM"]
[BlackTitle "IM"]
[WhiteElo "2270"]
[BlackElo "2438"]
[WhiteTeam "UNIVERSIDAD DE VIGO"]
[BlackTeam "AJEDREZ COLLADO VILLALBA"]
[WhiteFideId "2204495"]
[BlackFideId "2203146"]
[EventDate "2016.08.20"]

1. d4 Nf6 2. c4 e6 3. Nf3 Bb4+ 4. Bd2 Qe7 5. g3 Nc6 6. Nc3 Bxc3 7. Bxc3 Ne4 8.
Rc1 O-O 9. Bg2 d6 10. d5 Nxc3 11. Rxc3 Nb8 12. O-O e5 13. c5 Na6 14. cxd6 cxd6
15. Qc2 Bd7 16. Rc1 f5 17. e4 fxe4 18. Qxe4 Qf6 19. a3 h6 20. b4 Rac8 21. Qe3
Rxc3 22. Rxc3 b6 23. Nd2 Rc8 24. Ne4 Qe7 25. Qc1 Rf8 26. Bf1 b5 27. Qe3 Be8 28.
Rc8 Nc7 29. Qxa7 Nxd5 30. Qb8 Bd7 31. Rxf8+ Qxf8 32. Qxd6 Qxd6 33. Nxd6 Nc3 34.
Bd3 Bc6 35. f3 Kf8 36. Ne4 Nd5 37. Kf2 Ke7 38. Ke2 Nc7 39. Nc3 g5 40. Ke3 Kd6
41. Be4 Bd7 42. Bc2 Bc6 43. Bb3 Ke7 44. f4 gxf4+ 45. gxf4 Kf6 46. Ne4+ Kf5 47.
Nd6+ Kf6 48. fxe5+ Kxe5 49. Nf7+ Kf6 50. Nxh6 Kg5 51. Nf7+ Kh4 52. Kd4 Na6 53.
Be6 Be8 54. Nd6 Bc6 55. Bc8 Nc7 56. Kc5 Be8 57. Nxe8 Nxe8 58. Bd7 1-0

[Event "TCh-ESP Div 1 2016"]
[Site "Linares ESP"]
[Date "2016.08.20"]
[Round "1"]
[Board "4"]
[White "Cao Armillas, Jesus"]
[Black "Padeiro, Jose"]
[Result "1/2-1/2"]
[BlackTitle "FM"]
[WhiteElo "2166"]
[BlackElo "2285"]
[WhiteTeam "AJEDREZ COLLADO VILLALBA"]
[BlackTeam "UNIVERSIDAD DE VIGO"]
[WhiteFideId "2212269"]
[BlackFideId "1901311"]
[EventDate "2016.08.20"]

1. d4 d5 2. c4 c6 3. Nf3 Nf6 4. Nc3 a6 5. a4 g6 6. Bf4 Bg7 7. h3 O-O 8. e3 b6 9.
Qb3 Bb7 10. Rd1 e6 11. Be2 a5 12. O-O Na6 13. cxd5 exd5 14. Ne5 Nb4 15. Na2 Qe7
16. Rc1 Rfc8 17. Rfd1 c5 18. Nc3 Qe6 19. Rd2 h5 20. Qd1 cxd4 21. exd4 Ne4 22.
Nxe4 dxe4 23. Bc4 Bd5 24. b3 Kh7 25. Rc3 Bxc4 26. bxc4 Bxe5 27. Bxe5 Rxc4 28. d5
Qc8 29. Rxc4 Qxc4 30. Rd4 Qc5 31. Rxe4 Qxd5 32. Qf3 Rg8 33. Bd4 Nc6 34. Bxb6 f5
35. Re3 Qxf3 36. Rxf3 Rb8 37. Bc7 Rb7 38. Bd6 Rd7 39. Bc5 Rd1+ 40. Kh2 Rc1 41.
Be3 Rc4 42. Rf4 Rxf4 43. Bxf4 Kg7 44. Kg3 Kf6 45. Kf3 g5 46. Bd2 Ne5+ 47. Ke2
Nc4 48. Bc3+ Ke6 49. Kd3 Kd5 50. Bf6 g4 51. hxg4 fxg4 52. Bd8 Ne5+ 53. Ke3 Nc6
54. Bb6 Ke5 55. Bc7+ Kf5 56. g3 Ne5 57. Kd4 h4 58. gxh4 Nf3+ 59. Ke3 Nxh4 60.
Bxa5 Ng2+ 61. Kd2 Ke4 62. Bc7 Nh4 63. a5 Kd5 64. Ke3 Nf5+ 65. Kd3 Kc6 66. Ke4
Ng7 67. Be5 Ne6 68. Kf5 Nc5 69. Kxg4 Kd5 1/2-1/2

[Event "TCh-ESP Div 1 2016"]
[Site "Linares ESP"]
[Date "2016.08.20"]
[Round "1"]
[Board "1"]
[White "Glavina, Pablo"]
[Black "Cordova, Emilio"]
[Result "0-1"]
[WhiteTitle "IM"]
[BlackTitle "GM"]
[WhiteElo "2378"]
[BlackElo "2627"]
[WhiteTeam "STADIUM CASABLANCA"]
[BlackTeam "OROMANA SCHNEIDER ELECTRIC"]
[WhiteFideId "100234"]
[BlackFideId "3801497"]
[EventDate "2016.08.20"]

1. d4 Nf6 2. c4 c5 3. Nf3 cxd4 4. Nxd4 b6 5. Nc3 Bb7 6. f3 d6 7. e4 e6 8. Be3
Nbd7 9. Be2 Be7 10. O-O O-O 11. a4 a6 12. a5 bxa5 13. Nb3 Rb8 14. Nxa5 Ba8 15.
Qd2 Qc7 16. Rfc1 Ne5 17. b4 d5 18. cxd5 Bxb4 19. d6 Qd8 20. Nc4 Nxc4 21. Bxc4 a5
22. e5 Nd7 23. Bd4 Qh4 24. Qf2 Qg5 25. Qg3 Qh5 26. Qf4 Rfc8 27. Na4 h6 28. Ba6
Rc6 29. Bd3 Qg5 30. Qxg5 hxg5 31. Be4 Rxc1+ 32. Rxc1 Bxe4 33. fxe4 f6 34. Rc7
Rd8 35. exf6 Bxd6 36. f7+ Kxf7 37. Ra7 Kg6 38. Ra6 Nf6 39. e5 Nd7 40. Rxa5 Nf6
41. exf6 gxf6 42. Nc5 Bxc5 43. Ra1 Bf8 0-1

[Event "TCh-ESP Div 1 2016"]
[Site "Linares ESP"]
[Date "2016.08.20"]
[Round "1"]
[Board "2"]
[White "Fernandez Romero, Ernesto"]
[Black "Villuendas Valero, Adrian"]
[Result "1/2-1/2"]
[WhiteTitle "IM"]
[BlackTitle "FM"]
[WhiteElo "2477"]
[BlackElo "2329"]
[WhiteTeam "OROMANA SCHNEIDER ELECTRIC"]
[BlackTeam "STADIUM CASABLANCA"]
[WhiteFideId "2214679"]
[BlackFideId "2262460"]
[EventDate "2016.08.20"]

1. e4 d5 2. exd5 Qxd5 3. Nc3 Qd6 4. d4 Nf6 5. Nf3 c6 6. g3 Bg4 7. Bg2 e6 8. h3
Bh5 9. g4 Bg6 10. Ne5 Nbd7 11. Nxg6 hxg6 12. Be3 Nd5 13. Nxd5 exd5 14. Qf3 Qf6
15. Qe2 O-O-O 16. O-O-O Bd6 17. Qd2 Qe7 18. g5 Nb6 19. b3 Rh4 20. Rde1 Qc7 21.
Re2 Kb8 22. Rhe1 Nc8 23. Qd3 Ne7 24. c3 Nf5 25. Bd2 Rhh8 26. Rh1 Rh4 27. Bf3
Rdh8 28. Rhe1 Qa5 29. Re8+ Kc7 30. c4 Qa3+ 31. Kb1 Rxd4 32. Qc2 Rxe8 33. Rxe8
dxc4 34. Be4 cxb3 35. axb3 Qc5 36. Bc3 Kd7 37. Rh8 Kc7 38. Re8 Kd7 39. Rh8 Kc7
40. Re8 Kd7 1/2-1/2

[Event "TCh-ESP Div 1 2016"]
[Site "Linares ESP"]
[Date "2016.08.20"]
[Round "1"]
[Board "3"]
[White "Gomez Anadon, Daniel"]
[Black "Teran Alvarez, Ismael"]
[Result "1/2-1/2"]
[WhiteTitle "FM"]
[BlackTitle "IM"]
[WhiteElo "2221"]
[BlackElo "2413"]
[WhiteTeam "STADIUM CASABLANCA"]
[BlackTeam "OROMANA SCHNEIDER ELECTRIC"]
[WhiteFideId "2218151"]
[BlackFideId "2204177"]
[EventDate "2016.08.20"]

1. Nf3 Nf6 2. c4 g6 3. g3 Bg7 4. Bg2 O-O 5. O-O d6 6. Nc3 Nc6 7. Rb1 a5 8. a3 e5
9. d3 h6 10. b4 axb4 11. axb4 Be6 12. b5 Ne7 13. Nd2 Rb8 14. Ba3 b6 15. Qb3 Qd7
16. Rfc1 Bh3 17. Bh1 Kh7 18. Bb4 Ng4 19. Qd1 f5 20. Nd5 Nxd5 21. Bxd5 e4 22. e3
Nf6 23. Bc6 Qe6 24. d4 g5 25. Qc2 Kh8 26. Re1 Qf7 27. Bc3 Qh5 28. f3 exf3 29.
Bxf3 Qf7 30. Re2 Rbe8 31. Rbe1 Bg4 32. Bxg4 Nxg4 33. h3 Nf6 34. Rf2 Qh5 35. Kg2
Ne4 36. Nxe4 Rxe4 37. Rxf5 Rfe8 38. Qf2 Qg6 39. g4 Kg8 40. Bd2 Qe6 41. d5 Qg6
42. Qf1 Ra8 43. Qd3 Qe8 44. Rc1 Ra2 45. Rc2 Ra1 46. Rc1 Ra2 47. Rc2 Ra1 1/2-1/2

[Event "TCh-ESP Div 1 2016"]
[Site "Linares ESP"]
[Date "2016.08.20"]
[Round "1"]
[Board "4"]
[White "Barrero Garcia, Carlos"]
[Black "Cortes Lizano, Jesus"]
[Result "0-1"]
[WhiteTitle "IM"]
[WhiteElo "2355"]
[BlackElo "2159"]
[WhiteTeam "OROMANA SCHNEIDER ELECTRIC"]
[BlackTeam "STADIUM CASABLANCA"]
[WhiteFideId "2219522"]
[BlackFideId "2260808"]
[EventDate "2016.08.20"]

1. d4 d5 2. c4 e6 3. Nc3 Nf6 4. cxd5 exd5 5. Bg5 Be7 6. e3 O-O 7. Qc2 Re8 8. Bd3
Nbd7 9. Nge2 Nf8 10. O-O c6 11. f3 h6 12. Bh4 Ne6 13. Rad1 Nh5 14. Bf2 Bh4 15.
g3 Be7 16. g4 Nf6 17. Bg3 Bd6 18. Kg2 Ng5 19. h4 Nxf3 20. Rxf3 Bxg4 21. Rdf1 Nh5
22. Bxd6 Qxd6 23. Ng3 Bxf3+ 24. Rxf3 Nxg3 25. Rxg3 Qf6 26. Qf2 Qxf2+ 27. Kxf2
Re6 28. Ne2 Kf8 29. Nf4 Rf6 30. Ke2 g6 31. h5 Re8 32. Rg4 g5 33. Nh3 b6 34. b4
Re7 35. a3 a5 36. b5 c5 37. dxc5 bxc5 38. Nf2 Rf4 39. Rxf4 gxf4 40. Ng4 c4 41.
Bf5 fxe3 42. b6 d4 43. Nf6 d3+ 44. Ke1 e2 45. Be4 Kg7 46. b7 Rxb7 47. Bxb7 Kxf6
48. Ba6 Ke5 0-1

[Event "TCh-ESP Div 1 2016"]
[Site "Linares ESP"]
[Date "2016.08.20"]
[Round "1"]
[Board "1"]
[White "Grandelius, Nils"]
[Black "Alsina Leal, Daniel"]
[Result "1/2-1/2"]
[WhiteTitle "GM"]
[BlackTitle "GM"]
[WhiteElo "2641"]
[BlackElo "2521"]
[WhiteTeam "CAC BENIAJAN - DUOCHESS"]
[BlackTeam "CLUB D'ESCACS BARBERA"]
[WhiteFideId "1710400"]
[BlackFideId "2252627"]
[EventDate "2016.08.20"]

1. d4 Nf6 2. c4 g6 3. Nc3 d5 4. cxd5 Nxd5 5. Nf3 Bg7 6. e4 Nxc3 7. bxc3 c5 8.
Be3 Qa5 9. Bd2 O-O 10. h3 cxd4 11. cxd4 Qa3 12. Bc4 Nc6 13. d5 Na5 14. Rc1 Nxc4
15. Rxc4 Bd7 16. Qb3 Qxb3 17. axb3 Rfc8 18. O-O Bb5 19. Rxc8+ Rxc8 20. Re1 e6
21. dxe6 fxe6 22. Be3 a6 23. Bd4 Bh6 24. Be3 Bf8 25. Nd4 Bd7 26. Rd1 e5 27. Nf3
Bc6 28. Nxe5 Bxe4 29. Rd7 Re8 30. Ng4 Be7 31. Bd4 Kf7 32. Nf6 Ke6 33. Nxe8 Kxd7
34. Nf6+ Bxf6 35. Bxf6 a5 36. Kf1 b5 37. f3 Bc2 38. b4 Bd3+ 39. Ke1 a4 40. h4
Ke6 41. Bg7 Kd5 42. Kd2 Kc4 43. Bf8 h5 44. g3 Bf5 45. Be7 Kb3 46. Kc1 a3 47. Bd6
a2 48. Be5 Be6 49. Bf6 Kxb4 50. Kb2 Kc5 51. Be5 b4 52. Bb8 Kd4 53. Bd6 b3 54.
Bc7 Ke3 55. Bf4+ Kxf3 56. Bc7 Ke4 57. Bd6 Kd3 58. Bc7 Ke4 1/2-1/2

[Event "TCh-ESP Div 1 2016"]
[Site "Linares ESP"]
[Date "2016.08.20"]
[Round "1"]
[Board "2"]
[White "Alonso Moyano, Jonathan"]
[Black "Mchedlishvili, Mikheil"]
[Result "0-1"]
[WhiteTitle "IM"]
[BlackTitle "GM"]
[WhiteElo "2406"]
[BlackElo "2609"]
[WhiteTeam "CLUB D'ESCACS BARBERA"]
[BlackTeam "CAC BENIAJAN - DUOCHESS"]
[WhiteFideId "2216019"]
[BlackFideId "13600966"]
[EventDate "2016.08.20"]

1. e4 c5 2. Nc3 Nc6 3. g3 g6 4. Bg2 Bg7 5. d3 d6 6. Be3 Rb8 7. Qd2 b5 8. Nge2 b4
9. Nd1 Nd4 10. O-O e6 11. Nc1 Nc6 12. c3 Ba6 13. f4 bxc3 14. bxc3 Nf6 15. h3 O-O
16. g4 Nd7 17. f5 exf5 18. gxf5 Nde5 19. Bh6 Bxh6 20. Qxh6 f6 21. fxg6 hxg6 22.
Ne3 Rb7 23. Nd5 Rh7 24. Qe3 Kg7 25. Rf2 g5 26. d4 cxd4 27. cxd4 Ng6 28. Nb3 Nce7
29. Nxe7 Qxe7 30. d5 Nf4 31. Nd4 Bc8 32. Nc6 Qe8 33. Qxa7+ Kh8 34. Qd4 Qh5 35.
Qe3 Bxh3 36. Qf3 Qh4 37. Raf1 Bg4 0-1

[Event "TCh-ESP Div 1 2016"]
[Site "Linares ESP"]
[Date "2016.08.20"]
[Round "1"]
[Board "3"]
[White "Ibarra Jerez, Jose Carlos"]
[Black "Martinez Ramirez, Erik"]
[Result "1-0"]
[WhiteTitle "GM"]
[BlackTitle "FM"]
[WhiteElo "2563"]
[BlackElo "2285"]
[WhiteTeam "CAC BENIAJAN - DUOCHESS"]
[BlackTeam "CLUB D'ESCACS BARBERA"]
[WhiteFideId "2226332"]
[BlackFideId "22202366"]
[EventDate "2016.08.20"]

1. e4 c5 2. Nf3 Nc6 3. Bb5 g6 4. Bxc6 dxc6 5. d3 Bg7 6. h3 b6 7. Nc3 Nh6 8. Be3
f6 9. Qd2 Nf7 10. Nh2 e5 11. O-O g5 12. a3 Qd6 13. b4 c4 14. d4 f5 15. exf5 exd4
16. Ne4 Qe5 17. f6 dxe3 18. Qxe3 Bxf6 19. Nf3 Qf4 20. Nxf6+ 1-0

[Event "TCh-ESP Div 1 2016"]
[Site "Linares ESP"]
[Date "2016.08.20"]
[Round "1"]
[Board "4"]
[White "Martin Capitan, Feliciano"]
[Black "Pardo Simon, David"]
[Result "0-1"]
[BlackTitle "IM"]
[WhiteElo "2116"]
[BlackElo "2492"]
[WhiteTeam "CLUB D'ESCACS BARBERA"]
[BlackTeam "CAC BENIAJAN - DUOCHESS"]
[WhiteFideId "2223562"]
[BlackFideId "2296276"]
[EventDate "2016.08.20"]

1. e4 c5 2. c4 Nc6 3. Nc3 e6 4. g3 Nf6 5. Bg2 d5 6. exd5 exd5 7. cxd5 Nb4 8. d3
Be7 9. Nge2 O-O 10. O-O Nfxd5 11. Nxd5 Nxd5 12. d4 Be6 13. dxc5 Bxc5 14. Nf4
Nxf4 15. Bxf4 Qb6 16. Qf3 Qxb2 17. Qxb7 Bxf2+ 18. Kh1 Bb6 19. a4 Rad8 20. a5 Bd4
21. Qxb2 Bxb2 22. Rab1 Bd4 23. Rb7 Rd5 24. Rd1 Rxa5 25. Bd6 Rc8 26. Bb4 Ra2 0-1

[Event "TCh-ESP Div 1 2016"]
[Site "Linares ESP"]
[Date "2016.08.20"]
[Round "1"]
[Board "1"]
[White "Petkov, Vladimir"]
[Black "Rakhmanov, Aleksandr"]
[Result "1/2-1/2"]
[WhiteTitle "GM"]
[BlackTitle "GM"]
[WhiteElo "2497"]
[BlackElo "2641"]
[WhiteTeam "C.A. SILLA"]
[BlackTeam "ESCOLA D'ESCACS DE BARCELONA"]
[WhiteFideId "2901188"]
[BlackFideId "4173708"]
[EventDate "2016.08.20"]

1. Nf3 Nf6 2. g3 g6 3. Bg2 Bg7 4. O-O O-O 5. d4 c6 6. a4 d5 7. c3 Bf5 8. Nbd2
Qc8 9. Re1 Re8 10. Nh4 Bh3 11. Bh1 Nbd7 12. e4 dxe4 13. Nxe4 Nxe4 14. Rxe4 e5
15. Nf3 Bf5 16. Re1 Bg4 17. Re4 h5 18. a5 exd4 19. Rxe8+ Qxe8 20. cxd4 Nf6 21.
Bg5 Ne4 22. Be3 Nd6 23. Qb3 Be6 24. Qb4 Nb5 25. a6 b6 26. Ne5 Bxe5 27. dxe5 Rd8
28. Qh4 Bd5 29. Rd1 Rd7 30. Bxd5 cxd5 31. Qa4 Nc7 32. Qc6 Kh7 33. Rc1 Ne6 34. b4
Rd8 35. Qb7 Qd7 36. Qxd7 Rxd7 37. Rc8 d4 38. Bd2 g5 39. h3 g4 40. hxg4 hxg4 41.
f3 gxf3 42. Kf2 Nc7 43. Kxf3 Nxa6 44. Ke4 d3 45. Kf5 Nc7 46. g4 Ne6 47. Kf6 Nc7
48. Kf5 Ne6 49. Kf6 Nc7 50. Kf5 Nd5 51. Ke4 Kg7 52. b5 Kh7 53. Ra8 Ne7 54. Re8
Ng8 55. Rc8 Nh6 56. g5 Ng8 57. g6+ fxg6 58. e6 Nf6+ 59. Ke5 Ng4+ 60. Kf4 Rd4+
61. Kg5 Re4 62. Rc7+ Kg8 63. Rc8+ Kh7 64. Rc7+ Kg8 65. Rc8+ Kh7 66. Rc7+ 1/2-1/2

[Event "TCh-ESP Div 1 2016"]
[Site "Linares ESP"]
[Date "2016.08.20"]
[Round "1"]
[Board "2"]
[White "Peralta, Fernando"]
[Black "Oliva Castaneda, Kevel"]
[Result "0-1"]
[WhiteTitle "GM"]
[BlackTitle "IM"]
[WhiteElo "2587"]
[BlackElo "2491"]
[WhiteTeam "ESCOLA D'ESCACS DE BARCELONA"]
[BlackTeam "C.A. SILLA"]
[WhiteFideId "105309"]
[BlackFideId "3500799"]
[EventDate "2016.08.20"]

1. d4 d5 2. c4 c6 3. Nf3 Nf6 4. Nc3 e6 5. e3 Nbd7 6. Bd3 dxc4 7. Bxc4 b5 8. Bd3
Bb7 9. O-O a6 10. a4 b4 11. Nb1 c5 12. Nbd2 Be7 13. Qe2 cxd4 14. exd4 a5 15. Rd1
O-O 16. Bb5 Nb6 17. Nb3 Bd5 18. Nc5 Qc7 19. Bd2 Nbd7 20. Rac1 Qa7 21. Be3 Rfc8
22. Ne1 Nf8 23. Ned3 Ng6 24. Nf4 Bd6 25. Nxd5 Nxd5 26. g3 Nge7 27. Nb3 Nxe3 28.
Qxe3 Bc7 29. Qe4 Bb6 30. Rxc8+ Rxc8 31. Rd2 Rd8 32. Kg2 g6 33. h4 Nf5 34. Bc6
Bxd4 35. h5 Bb6 36. Rxd8+ Bxd8 37. hxg6 hxg6 38. Qd3 Bb6 39. Qd7 Qb8 40. Qe8+
Qxe8 41. Bxe8 Nd6 42. Bc6 Nc4 43. Bb5 Nxb2 44. Nd2 Nd1 45. Ne4 b3 46. f4 b2 47.
Bd3 Bd4 48. Kf3 f5 49. Nd2 Nc3 50. Bc2 Kf7 51. Nb1 Nxb1 52. Bxb1 Ke7 53. g4 Kd6
54. gxf5 exf5 55. Ke2 Kc5 56. Kd3 Bg7 57. Ba2 Kb4 58. Kc2 Kxa4 59. Bf7 Ka3 60.
Kb1 g5 61. fxg5 f4 62. Bd5 Be5 63. Be4 Kb3 0-1

[Event "TCh-ESP Div 1 2016"]
[Site "Linares ESP"]
[Date "2016.08.20"]
[Round "1"]
[Board "3"]
[White "Granero Roca, Antonio"]
[Black "Narciso Dublan, Marc"]
[Result "0-1"]
[WhiteTitle "IM"]
[BlackTitle "GM"]
[WhiteElo "2417"]
[BlackElo "2482"]
[WhiteTeam "C.A. SILLA"]
[BlackTeam "ESCOLA D'ESCACS DE BARCELONA"]
[WhiteFideId "2210509"]
[BlackFideId "2201500"]
[EventDate "2016.08.20"]

1. d4 d5 2. c4 c6 3. Nf3 Nf6 4. e3 Bf5 5. Nc3 e6 6. Nh4 Bg6 7. Be2 Nbd7 8. g3
Bd6 9. O-O Qe7 10. Bd2 O-O 11. Nxg6 hxg6 12. Qb3 Rab8 13. Qc2 dxc4 14. Bxc4 Rbc8
15. Qb3 Nb6 16. Bd3 c5 17. dxc5 Bxc5 18. Ne4 Rfd8 19. Rac1 Ra8 20. Qd1 0-1

[Event "TCh-ESP Div 1 2016"]
[Site "Linares ESP"]
[Date "2016.08.20"]
[Round "1"]
[Board "4"]
[White "Matnadze, Ana"]
[Black "Garcia Trobat, Francisco"]
[Result "0-1"]
[WhiteTitle "IM"]
[BlackTitle "FM"]
[WhiteElo "2355"]
[BlackElo "2238"]
[WhiteTeam "ESCOLA D'ESCACS DE BARCELONA"]
[BlackTeam "C.A. SILLA"]
[WhiteFideId "13601377"]
[BlackFideId "2200678"]
[EventDate "2016.08.20"]

1. d4 Nf6 2. Nf3 g6 3. g3 b5 4. Bg2 Bb7 5. a4 b4 6. c4 Bg7 7. a5 O-O 8. O-O d6
9. Nbd2 Na6 10. Ra2 Nd7 11. b3 e5 12. Bb2 Qe7 13. e3 Rae8 14. Ne1 Bxg2 15. Nxg2
c6 16. h4 f5 17. Ba1 Nc7 18. Ra4 c5 19. Re1 Ne6 20. Nf3 e4 21. Nh2 h6 22. Ra2 g5
23. Rd2 cxd4 24. exd4 Nf6 25. Ne3 f4 26. Nf5 Qd7 27. d5 Nc5 28. Nxg7 Kxg7 29.
gxf4 gxf4 30. Kh1 Kh7 31. Rg1 Qf5 32. f3 exf3 33. Nxf3 Nce4 34. Qc2 Nh5 35. Rh2
Neg3+ 36. Rxg3 Nxg3+ 37. Kg1 Qxc2 38. Rxc2 Re3 39. Nd4 Re1+ 40. Kf2 Rxa1 41. c5
Ne4+ 42. Kf3 Nxc5 43. Re2 Rf1+ 44. Kg4 Rf7 45. a6 Nd7 46. Re6 Nf6+ 47. Kh3 Rg7
48. Kh2 Ng4+ 49. Kg2 Ne3+ 0-1

[Event "TCh-ESP Div 1 2016"]
[Site "Linares ESP"]
[Date "2016.08.21"]
[Round "2"]
[Board "1"]
[White "Granda Zuniga, Julio E"]
[Black "Rakhmanov, Aleksandr"]
[Result "0-1"]
[WhiteTitle "GM"]
[BlackTitle "GM"]
[WhiteElo "2672"]
[BlackElo "2641"]
[WhiteTeam "AJEDREZ COLLADO VILLALBA"]
[BlackTeam "ESCOLA D'ESCACS DE BARCELONA"]
[WhiteFideId "3800024"]
[BlackFideId "4173708"]
[EventDate "2016.08.20"]

1. e4 e6 2. d4 d5 3. Nd2 c5 4. exd5 exd5 5. Bb5+ Bd7 6. Qe2+ Qe7 7. Bxd7+ Nxd7
8. dxc5 Nxc5 9. Nb3 Qxe2+ 10. Nxe2 Nf6 11. Be3 Ne6 12. O-O-O b6 13. f4 O-O-O 14.
f5 Nc7 15. Bd4 Bd6 16. Bxf6 gxf6 17. Nbd4 Rde8 18. Nc3 Bf4+ 19. Kb1 Be5 20. Ncb5
Nxb5 21. Nxb5 a6 22. Na3 Rd8 23. c3 d4 24. cxd4 Rxd4 25. Rxd4 Bxd4 26. Nc2 Be5
27. Ne1 Re8 28. Nf3 Bd6 29. Rd1 Kd7 30. Rd2 Re4 31. g3 Re3 32. Nd4 Kc7 33. Kc2
Be5 34. Kd1 h5 35. Nc2 Re4 36. b3 h4 37. Re2 Rg4 38. Ne3 Rd4+ 39. Rd2 hxg3 40.
hxg3 Rxd2+ 41. Kxd2 Bxg3 42. Nd5+ Kc6 43. Nxf6 Bh4 44. Ng4 Bg5+ 45. Kd3 Kd5 46.
a4 a5 47. f6 Ke6 48. b4 Kf5 49. bxa5 bxa5 50. Nf2 Bxf6 51. Nd1 Ke5 52. Ne3 Bd8
53. Ng4+ Kd5 54. Nh6 f6 55. Nf5 Bb6 56. Ng3 Bc7 57. Nf5 Be5 58. Ne3+ Kc5 59. Nc2
Bb2 60. Ne3 Kb4 0-1

[Event "TCh-ESP Div 1 2016"]
[Site "Linares ESP"]
[Date "2016.08.21"]
[Round "2"]
[Board "2"]
[White "Peralta, Fernando"]
[Black "Vazquez Igarza, Renier"]
[Result "1-0"]
[WhiteTitle "GM"]
[BlackTitle "GM"]
[WhiteElo "2587"]
[BlackElo "2589"]
[WhiteTeam "ESCOLA D'ESCACS DE BARCELONA"]
[BlackTeam "AJEDREZ COLLADO VILLALBA"]
[WhiteFideId "105309"]
[BlackFideId "3503054"]
[EventDate "2016.08.20"]

1. d4 Nf6 2. c4 e6 3. Nc3 Bb4 4. e3 O-O 5. Bd3 d5 6. a3 Bxc3+ 7. bxc3 dxc4 8.
Bxc4 c5 9. Ne2 Qc7 10. Ba2 b6 11. O-O Ba6 12. Bb2 Nc6 13. Rc1 Rfd8 14. c4 Ne7
15. Re1 Bb7 16. Ng3 Qc6 17. f3 Rac8 18. Qe2 Ng6 19. Red1 Ba6 20. Qe1 cxd4 21.
exd4 Qc7 22. d5 e5 23. a4 Qd7 24. Qb4 h5 25. Bb1 Qc7 26. Bxg6 fxg6 27. Ne4 Nxe4
28. fxe4 Re8 29. d6 Qd7 30. c5 bxc5 31. Rxc5 Rxc5 32. Qxc5 Bb7 33. Bxe5 Rc8 34.
Qd4 Rc2 35. Qd3 Rc8 36. h3 Kh7 37. Qd4 Rc2 38. Bxg7 Re2 39. Qd3 Rxe4 40. Bb2 Qf5
41. Qc3 Kh6 42. Qh8+ Kg5 43. Bf6+ Kf4 44. Rf1+ 1-0

[Event "TCh-ESP Div 1 2016"]
[Site "Linares ESP"]
[Date "2016.08.21"]
[Round "2"]
[Board "3"]
[White "Moreno Ruiz, Javier"]
[Black "Narciso Dublan, Marc"]
[Result "1/2-1/2"]
[WhiteTitle "IM"]
[BlackTitle "GM"]
[WhiteElo "2438"]
[BlackElo "2482"]
[WhiteTeam "AJEDREZ COLLADO VILLALBA"]
[BlackTeam "ESCOLA D'ESCACS DE BARCELONA"]
[WhiteFideId "2203146"]
[BlackFideId "2201500"]
[EventDate "2016.08.20"]

1. d4 d5 2. c4 c6 3. Nc3 Nf6 4. cxd5 cxd5 5. Bf4 Nc6 6. e3 e6 7. Bd3 Be7 8. h3
a6 9. Rc1 b5 10. Nf3 Bb7 11. O-O O-O 12. Qe2 Qb6 13. Bg5 h6 14. Bh4 Rfe8 15.
Rfd1 Rac8 16. Bb1 Qd8 17. a3 Na5 18. Ne5 Nc4 19. f4 Nd7 20. Bxe7 Rxe7 21. Qd3
Nf6 22. Rc2 Rec7 23. Rdc1 Ne4 24. Nxe4 dxe4 25. Qe2 Bd5 26. Nxc4 Rxc4 27. Rxc4
Rxc4 28. Rxc4 Bxc4 29. Qd2 f5 30. Bc2 Kh7 31. Kh2 g5 32. Qf2 Qc7 33. g3 Bd5 34.
Qd2 gxf4 35. gxf4 Qd8 36. Qe1 Qc7 37. Qc3 Qd8 38. Bd1 Qh4 39. Kg2 Bc4 40. b3 Bd3
41. Qc7+ Kg6 42. Qd6 Qe1 43. Qxe6+ Kg7 44. Qe5+ Kg8 45. Qe6+ Kg7 46. Qe7+ Kg8
47. Qe6+ 1/2-1/2